| 000 | nam a22 a 4500 | ||
|---|---|---|---|
| 999 |
_c348438 _d348438 |
||
| 003 | BLK | ||
| 005 | 20220228113209.0 | ||
| 008 | 200205b bu ||||| |||| 00| 0 bu d | ||
| 040 | _aBLK | ||
| 041 |
_aBUL _cBUL |
||
| 080 |
_aБългарска литература _b821.163.2 _x-1 _z821.163.2-1 |
||
| 100 |
_aУзунова, Петрана _eпърви автор _91299 |
||
| 139 |
_aУзунова, Петрана _bУ 34 |
||
| 245 |
_aСъдба _bСтихове - любовна лирика _cПетрана Узунова |
||
| 260 |
_aРусе _c2004 |
||
| 300 |
_a32 с. _c20 см |
||
| 380 | _aX | ||
| 852 |
_bК _cК 886.7/У 34 |
||
| 852 |
_bК _cК 821.163.2/У 34 П |
||
| 942 |
_2udc _cKNG _n0 _s1 |
||
| 999 | _d348438 | ||
| 999 | _d348437 | ||